HTML and XHTML Step by Step (Record no. 7049)

000 -LEADER
fixed length control field 00345 a2200145 4500
020 ## - INTERNATIONAL STANDARD BOOK NUMBER
International Standard Book Number 0735622639
040 ## - CATALOGING SOURCE
Original cataloging agency DLC
Language of cataloging DLC
082 ## - DEWEY DECIMAL CLASSIFICATION NUMBER
Classification number 006.74
100 1# - MAIN ENTRY--PERSONAL NAME
Personal name Wempen, Faithe
245 10 - TITLE STATEMENT
Title HTML and XHTML Step by Step
Statement of responsibility, etc. Wempen, Faithe
260 ## - PUBLICATION, DISTRIBUTION, ETC.
Name of publisher, distributor, etc. Pagina f?gs AB,
Date of publication, distribution, etc. 2006
300 ## - PHYSICAL DESCRIPTION
Extent 416 s.
490 ## - SERIES STATEMENT
Series statement Step by Step
942 ## - ADDED ENTRY ELEMENTS (KOHA)
Koha item type Book
Call number prefix 006.74 WEM
Source of classification or shelving scheme
Holdings
Withdrawn status Lost status Damaged status Not for loan Collection code Permanent Location Current Location Shelving location Date acquired Source of acquisition Cost, normal purchase price Total Checkouts Full call number Barcode Date last seen Price effective from Koha item type
          Central Library (CL) Central Library (CL) First Floor - Machine Learning/Computer Graphics 06/01/2007 Allied Book Company 443.39   006.74 WEM SEECS008547 11/14/2012 01/05/2017 Book
© 2023 Central Library, National University of Sciences and Technology. All Rights Reserved.